Teaching life skills to children and teens with ADHD : (Record no. 356329)
[ view plain ]
| 000 -LEADER | |
|---|---|
| fixed length control field | 00372nam a2200109Ia 4500 |
| 008 - FIXED-LENGTH DATA ELEMENTS--GENERAL INFORMATION | |
| fixed length control field | 180315s9999 xx 000 0 und d |
| 020 ## - INTERNATIONAL STANDARD BOOK NUMBER | |
| International Standard Book Number | 9781433820991 |
| 100 ## - MAIN ENTRY--PERSONAL NAME | |
| Personal name | Monastra, Vincent J. |
| 245 ## - TITLE STATEMENT | |
| Title | Teaching life skills to children and teens with ADHD : |
| Remainder of title | a guide for parents and counselors |
| 260 ## - PUBLICATION, DISTRIBUTION, ETC. (IMPRINT) | |
| Place of publication, distribution, etc | Washington, D.C : |
| Name of publisher, distributor, etc | 2016 |
| Date of publication, distribution, etc | APA Life tools |
| 300 ## - PHYSICAL DESCRIPTION | |
| Extent | viii, 217 pages |
| Withdrawn status | Lost status | Damaged status | Home library | Current library | Shelving location | Date acquired | Source of acquisition | Total Checkouts | Full call number | Barcode | Date last seen | Price effective from | Koha item type |
|---|---|---|---|---|---|---|---|---|---|---|---|---|---|
| College Library | College Library | Graduate Section | 03/15/2018 | Library Fund | RJ 506.H9 .M736 2016 | C21433 | 05/15/2018 | 03/15/2018 | Books |